[Event "Just Standard"]
[Site "SchemingMind.com"]
[Date "2009.12.17"]
[Round "-"]
[White "Carl Lenox"]
[Black "Goz"]
[Result "0-1"]
[WhiteCountry "CAN"]
[BlackCountry "ENG"]
[WhiteElo "1406"]
[WhiteRD "67"]
[BlackElo "1540"]
[BlackRD "83"]
[GameID "231211"]

1. e4 e5 2. Nf3 d6 3. d4 Nd7 4. d5 Ngf6 5. Nc3 Be7 6. Bd3 O-O 7. O-O c6 8. Bc4 a5 9. Be3 a4 10. Nxa4 Rxa4
11. b3 Ra3 12. b4 b5 13. Bc1 Ra7 14. Be3 c5 15. Bxb5 Ba6 16. Bd3 Qc8 17. c4 Ng4 18. b5 Bb7 19. a4 Qa8 20. Nd2 Nb6
21. Qxg4 h6 22. Nb3 Nxa4 23. Bd2 Nb2 24. Bxh6 Bf6 25. b6 Ra3 26. Bc2 Nxc4 27. Rab1 Nxb6 28. Rfe1 Nc8 29. Re3 Ne7 30. Rg3 Ng6
31. Bd3 gxh6 32. Qh5 Bg7 33. Bb5 Qd8 34. f3 Kh7 35. Nd2 Qe7 36. Qf5 Bc8 37. Qh5 Nf4 38. Rxg7+ Kxg7
0-1

[Event "Just Standard"]
[Site "SchemingMind.com"]
[Date "2009.12.17"]
[Round "-"]
[White "Goz"]
[Black "Carl Lenox"]
[Result "1-0"]
[WhiteCountry "ENG"]
[BlackCountry "CAN"]
[WhiteElo "1520"]
[WhiteRD "79"]
[BlackElo "1348"]
[BlackRD "64"]
[GameID "231212"]

1. d4 Nf6 2. d5 e6 3. dxe6 dxe6 4. Qxd8+ Kxd8 5. Bg5 Be7 6. Nc3 Nc6 7. O-O-O+ Bd6 8. e4 Ke7 9. f3 e5 10. Nge2 Be6
11. g4 Rad8 12. Kb1 Kd7 13. Bxf6 gxf6 14. Nd5 Kc8 15. Nec3 Nd4 16. a3 Nxf3 17. h3 Ng5 18. Nxf6 Bc5 19. Be2 Be7 20. Nh5 Rd4
21. Ng7 Nxe4 22. Rxd4 Nxc3+ 23. bxc3 exd4 24. Nxe6 fxe6 25. cxd4 Bxa3 26. Bc4 Rd8 27. Bxe6+ Kb8 28. c3 Rd6 29. Bf5 Rb6+ 30. Kc2 Rb2+
31. Kd3 Rb3 32. Bxh7 Bb2 33. g5 Rxc3+ 34. Ke4 Rc4 35. g6 Bxd4 36. Kd5 Ra4 37. h4 Bg7 38. Ke6 Rf4 39. Rd1 b6 40. Rd8+ Kb7
41. Rg8 Bc3 42. h5 Rh4 43. Kd7 Rxh5 44. Rc8 Rc5 45. Rf8 Rd5+ 46. Ke6 Re5+ 47. Kf7 Rf5+ 48. Ke8 Rxf8+ 49. Kxf8 a5 50. g7 Bxg7+
51. Kxg7 b5 52. Kf6 b4 53. Ke5 b3 54. Kd4 a4 55. Kc4 b2 56. Kb4 c5+ 57. Kxa4 Kb6 58. Kb3
1-0

[Event "Just Standard"]
[Site "SchemingMind.com"]
[Date "2009.12.16"]
[Round "-"]
[White "DC"]
[Black "Carl Lenox"]
[Result "1-0"]
[WhiteCountry "GBR"]
[BlackCountry "CAN"]
[WhiteElo "1656"]
[WhiteRD "81"]
[BlackElo "1406"]
[BlackRD "67"]
[GameID "231237"]

1. e4 c5 2. d4 cxd4 3. Qxd4 Nc6 4. Qd1 Nf6 5. Nc3 e6 6. a3 a6 7. Be2 Bc5 8. Bg5 O-O 9. Nh3 d5 10. Bxf6 Qxf6
11. exd5 Rd8 12. Qd3 Ne5 13. Qe4 b5 14. dxe6 Bxe6 15. O-O Rab8 16. Qf4 Bf5 17. Ng5 Rd4 18. Qc1 a5 19. Nxb5 Rd7 20. b4 Bb6
21. c4 Bd4 22. Nxd4 Rxd4 23. Nf3 Nd3 24. Qg5 Rb6 25. Qxf6 Rxf6 26. Nxd4 Be4 27. Bxd3 Bxd3 28. Rfe1 g6 29. c5 a4 30. c6 Ba6
31. Re8+ Kg7 32. c7
1-0

[Event "Just Standard"]
[Site "SchemingMind.com"]
[Date "2009.12.17"]
[Round "-"]
[White "DC"]
[Black "Goz"]
[Result "1-0"]
[WhiteCountry "GBR"]
[BlackCountry "ENG"]
[WhiteElo "1655"]
[WhiteRD "81"]
[BlackElo "1525"]
[BlackRD "81"]
[GameID "231238"]

1. e4 e5 2. Bc4 Nf6 3. d4 exd4 4. Qxd4 Nc6 5. Qd3 Nb4 6. Qe2 c6 7. e5 Nfd5 8. Nf3 Be7 9. c3 Na6 10. O-O O-O
11. Be3 Bc5 12. Bxc5 Ne7 13. Bxe7 Qxe7 14. Nbd2 b5 15. Bd3 d5 16. Nd4 Qg5 17. e6 Bb7 18. N2f3 Qh6 19. e7 Rfe8 20. Nf5 Qf4
21. Qe5 Qxe5 22. Nxe5 g6 23. Nh4 Rxe7 24. Nhf3 Nc5 25. Bc2 f6 26. Nd3 Ne4 27. Nf4 Rae8 28. Nd3 c5 29. a4 a6 30. axb5 axb5
31. Ra5 Bc6 32. b4 c4 33. Nc5 Nxc3 34. Bd1 Nxd1 35. Rxd1 g5 36. g4 Kg7 37. Kf1 Kg6 38. Re1 h5 39. Rxe7 Rxe7 40. Nd4 Be8
41. h3 h4 42. Ra8 Bf7 43. Nxb5 c3 44. Nd6 d4 45. Nd3 Bb3 46. Nf5 Re6 47. Nxd4 Rd6 48. Nxb3 Rxd3 49. Ke2 Rxh3 50. b5 c2
51. Nc1 Rh1 52. Kd2 Rf1 53. Kxc2 Rxf2+ 54. Kd3 h3 55. Ne2 h2 56. Ra1 Rf3+ 57. Kc4 Re3 58. Nd4 Rh3 59. Rh1 Rh8 60. b6 Kf7
61. Kb5 Ke7 62. b7 Kd6 63. Kb6 Ke5 64. Nf3+ Kf4 65. Nxh2 Kg3 66. Nf1+
1-0

[Event "Just Standard"]
[Site "SchemingMind.com"]
[Date "2009.12.16"]
[Round "-"]
[White "Carl Lenox"]
[Black "DC"]
[Result "0-1"]
[WhiteCountry "CAN"]
[BlackCountry "GBR"]
[WhiteElo "1406"]
[WhiteRD "67"]
[BlackElo "1656"]
[BlackRD "81"]
[GameID "231239"]

1. e4 Nf6 2. e5 Nd5 3. d4 e6 4. c4 Nb4 5. a3 N4c6 6. Nf3 f6 7. Bd3 f5 8. O-O d6 9. Re1 d5 10. b3 Be7
11. Bd2 g5 12. Nc3 g4 13. Ng5 Bxg5 14. Be3 Bxe3 15. Rxe3 Nxd4 16. b4 c6 17. c5 Nd7 18. Qd2 Nb3 19. Qa2 Nxa1 20. Qxa1 h5
21. Qd1 d4 22. Re2 dxc3 23. a4 h4 24. Qb3 Nf8 25. Qxc3 b6 26. a5 bxc5 27. Qxc5 Qxd3 28. Re1 Bb7
0-1

[Event "Just Standard"]
[Site "SchemingMind.com"]
[Date "2009.12.17"]
[Round "-"]
[White "Goz"]
[Black "DC"]
[Result "0-1"]
[WhiteCountry "ENG"]
[BlackCountry "GBR"]
[WhiteElo "1469"]
[WhiteRD "83"]
[BlackElo "1584"]
[BlackRD "84"]
[GameID "231240"]

1. d4 d5 2. e3 a6 3. Be2 Nc6 4. Nf3 Bf5 5. O-O Nf6 6. Nbd2 e6 7. a3 Bd6 8. b4 Qe7 9. Nb3 h6 10. c3 g5
11. a4 g4 12. Nh4 h5 13. Bb2 Ne4 14. Nxf5 exf5 15. Qc2 Bxh2+ 16. Kxh2 Qh4+ 17. Kg1 Ne7 18. Nc5 g3 19. Nxe4 Qh2#
0-1

[Event "Just Standard"]
[Site "SchemingMind.com"]
[Date "2009.12.16"]
[Round "-"]
[White "Gary"]
[Black "Carl Lenox"]
[Result "0-1"]
[WhiteCountry "ENG"]
[BlackCountry "CAN"]
[WhiteElo "1196"]
[WhiteRD "61"]
[BlackElo "1451"]
[BlackRD "73"]
[GameID "231241"]

1. e4 c5 2. Nf3 g6 3. Bc4 Bg7 4. O-O d6 5. d3 Nc6 6. Nc3 Nf6 7. Bf4 O-O 8. Re1 Bg4 9. h3 Bxf3 10. Qxf3 Nd4
11. Qd1 Re8 12. Ne2 Nc6
0-1

[Event "Just Standard"]
[Site "SchemingMind.com"]
[Date "2009.12.15"]
[Round "-"]
[White "Gary"]
[Black "DC"]
[Result "0-1"]
[WhiteCountry "ENG"]
[BlackCountry "GBR"]
[WhiteElo "1196"]
[WhiteRD "61"]
[BlackElo "1655"]
[BlackRD "81"]
[GameID "231242"]

1. e4 e5 2. Nf3 Bd6 3. Bc4 Nh6 4. d3 O-O 5. Bxh6 gxh6 6. Nc3 c6 7. Qd2 Kg7 8. O-O-O f6 9. Nh4 f5 10. Nxf5+ Rxf5
11. exf5 b5 12. Bb3 Bb4 13. h4 d5 14. d4 e4
0-1

[Event "Just Standard"]
[Site "SchemingMind.com"]
[Date "2009.12.16"]
[Round "-"]
[White "Carl Lenox"]
[Black "Gary"]
[Result "1-0"]
[WhiteCountry "CAN"]
[BlackCountry "ENG"]
[WhiteElo "1406"]
[WhiteRD "67"]
[BlackElo "1172"]
[BlackRD "65"]
[GameID "231244"]

1. e4 c5 2. Ne2 g6 3. Nbc3 Bg7 4. g3 Nc6 5. d4 cxd4 6. Nxd4 Nf6 7. Bg2 O-O 8. O-O a6 9. Re1 d6 10. Be3 Qc7
11. Nd5 Nxd5 12. exd5 Ne5 13. Qd2
1-0

[Event "Just Standard"]
[Site "SchemingMind.com"]
[Date "2009.12.16"]
[Round "-"]
[White "DC"]
[Black "Gary"]
[Result "1-0"]
[WhiteCountry "GBR"]
[BlackCountry "ENG"]
[WhiteElo "1655"]
[WhiteRD "81"]
[BlackElo "1196"]
[BlackRD "61"]
[GameID "231245"]

1. e4 c5 2. Bc4 Nc6 3. Nf3 e6 4. Nc3 Nge7 5. d4 d5 6. exd5 Nxd5 7. Nxd5 exd5 8. Bb5 c4 9. O-O Be7 10. Ne5 Qb6
11. a4 O-O 12. c3 a6 13. Bxc6 bxc6 14. Bf4 f6 15. a5
1-0

[Event "Just Standard"]
[Site "SchemingMind.com"]
[Date "2009.12.17"]
[Round "-"]
[White "calidore"]
[Black "Gary"]
[Result "0-1"]
[WhiteCountry "ISR"]
[BlackCountry "ENG"]
[WhiteElo "1437"]
[WhiteRD "59"]
[BlackElo "1196"]
[BlackRD "61"]
[GameID "231279"]

1. e4 c5 2. c3 Nc6 3. d4 cxd4 4. cxd4 d5 5. e5 Bf5 6. Nf3 e6 7. Nc3 Bb4 8. Bd2 Nge7 9. Nb5 O-O 10. Bxb4 Nxb4
11. Nd6 Nc2+ 12. Ke2 Nxa1 13. Qxa1 Qa5 14. a3 Bg4 15. b4 Qc7 16. Qb2 Nc8 17. Nb5 Qc6
0-1

[Event "Just Standard"]
[Site "SchemingMind.com"]
[Date "2009.12.20"]
[Round "-"]
[White "calidore"]
[Black "Carl Lenox"]
[Result "0-1"]
[WhiteCountry "ISR"]
[BlackCountry "CAN"]
[WhiteElo "1437"]
[WhiteRD "59"]
[BlackElo "1451"]
[BlackRD "73"]
[GameID "231280"]

1. e4 c5 2. c3 Nf6 3. e5 Nd5 4. d4 cxd4 5. cxd4 d6 6. Nf3 Nc6 7. Nc3 dxe5 8. dxe5 Nxc3 9. Qxd8+ Nxd8 10. bxc3 e6
11. Be3 b6 12. Bb5+ Bd7 13. a4 Be7
0-1

[Event "Just Standard"]
[Site "SchemingMind.com"]
[Date "2009.12.16"]
[Round "-"]
[White "calidore"]
[Black "DC"]
[Result "1-0"]
[WhiteCountry "ISR"]
[BlackCountry "GBR"]
[WhiteElo "1995"]
[WhiteRD "74"]
[BlackElo "1529"]
[BlackRD "87"]
[GameID "231281"]

1. e4 Nf6 2. e5 Ne4 3. d4 d5 4. f3 Nf2 5. Kxf2 Bf5 6. Bd3 e6 7. Ne2 c5 8. c3 Be7 9. Be3 Bg6 10. Nf4 b6
11. Nxg6 hxg6 12. Qa4+ Kf8 13. Nd2 a6 14. Rhe1 Bh4+ 15. g3 b5 16. Bxb5 cxd4 17. cxd4 Be7 18. Bd3 Qb6 19. Kg2 Nc6 20. Qb3 Qc7
21. Rac1 Qd7 22. Qa4 Nxe5 23. Qxd7 Nxd7 24. Bxa6 Nb6 25. Bd3 f5 26. a3 Na4 27. Rc2 g5 28. Nb1 Rb8 29. Rec1 Kf7 30. b4 g6
31. Rc7 Kf6 32. Bxg5+ Kxg5 33. Rxe7 Kf6 34. Rcc7 Rbf8 35. f4 Nb2 36. Be2 g5 37. fxg5+ Kxg5 38. Rxe6 Nc4 39. h4+ Rxh4 40. Rg7#
1-0

[Event "Just Standard"]
[Site "SchemingMind.com"]
[Date "2009.12.20"]
[Round "-"]
[White "calidore"]
[Black "Goz"]
[Result "0-1"]
[WhiteCountry "ISR"]
[BlackCountry "ENG"]
[WhiteElo "1437"]
[WhiteRD "59"]
[BlackElo "1525"]
[BlackRD "81"]
[GameID "231282"]

1. e4 c5 2. d4 cxd4 3. c3 dxc3 4. Nxc3 e5 5. Bc4 Bc5 6. Bxf7+ Kxf7 7. Qd5+ Kf6 8. Qxc5 d6 9. Qc4 Be6 10. Qb4 b6
11. Nf3 h6 12. h4 Nc6 13. Qa4 Nge7 14. Be3 Kf7 15. O-O Rf8 16. Rfd1 Kg8
0-1

[Event "Just Standard"]
[Site "SchemingMind.com"]
[Date "2009.12.16"]
[Round "-"]
[White "Gary"]
[Black "calidore"]
[Result "1-0"]
[WhiteCountry "ENG"]
[BlackCountry "ISR"]
[WhiteElo "1196"]
[WhiteRD "61"]
[BlackElo "1437"]
[BlackRD "59"]
[GameID "231283"]

1. e4 Nf6 2. e5 Nd5 3. d4 d6 4. c4 Nb6 5. f4 dxe5 6. fxe5 Bf5 7. Nf3 e6 8. Nc3 Be7 9. Be2 O-O 10. O-O f6
11. b3 Nc6 12. Be3 fxe5 13. dxe5 Qxd1 14. Raxd1 Rad8 15. h3 Nd7 16. Nd4 Ndxe5 17. Nxf5
1-0

[Event "Just Standard"]
[Site "SchemingMind.com"]
[Date "2009.12.17"]
[Round "-"]
[White "Carl Lenox"]
[Black "calidore"]
[Result "1-0"]
[WhiteCountry "CAN"]
[BlackCountry "ISR"]
[WhiteElo "1451"]
[WhiteRD "73"]
[BlackElo "1437"]
[BlackRD "59"]
[GameID "231284"]

1. e4 Nf6 2. e5 Nd5 3. d4 d6 4. Nf3 Bg4 5. Be2 e6 6. O-O Be7 7. c4 Nb6 8. h3 Bh5 9. Re1 O-O 10. Be3 Nc6
11. Nc3 Bxf3 12. Bxf3 Nxc4 13. Qe2 Nxe3 14. Qxe3 dxe5 15. dxe5 Bg5 16. Qe2 Nd4 17. Qe4
1-0

[Event "Just Standard"]
[Site "SchemingMind.com"]
[Date "2009.12.15"]
[Round "-"]
[White "DC"]
[Black "calidore"]
[Result "1-0"]
[WhiteCountry "GBR"]
[BlackCountry "ISR"]
[WhiteElo "1655"]
[WhiteRD "81"]
[BlackElo "1437"]
[BlackRD "59"]
[GameID "231285"]

1. e4 Nf6 2. Nc3 d5 3. d3 dxe4 4. dxe4 Qxd1+ 5. Nxd1 Nxe4 6. Nf3 Nc6 7. Bd3 Nc5 8. O-O Nxd3 9. cxd3 Bf5 10. d4 f6
11. a3 O-O-O 12. Be3 e6 13. b4 Bd6 14. b5 Ne7 15. a4 Nd5 16. Bd2 g5 17. a5 Bd3 18. Re1 Rde8 19. b6 a6 20. bxc7 h5
21. Nb2 Bb5 22. g3 h4 23. g4 Bc6 24. Nc4 Bxc7 25. h3 Nf4 26. Bxf4 Bxf4 27. Kg2 f5 28. Ne5 Bxe5 29. dxe5 fxg4 30. hxg4 Ref8
31. Ra3 Rf4 32. Ree3 Rhf8 33. Rad3 Rxg4+ 34. Kh2 Rgf4 35. Nd4 Rxf2+ 36. Kh3 Bd5 37. Kg4 Rg2+ 38. Kh5 h3 39. Rxh3 Rh8+ 40. Kg6 Rxh3
41. Rxh3 Be4+ 42. Kf6 g4 43. Nxe6
1-0

[Event "Just Standard"]
[Site "SchemingMind.com"]
[Date "2009.12.17"]
[Round "-"]
[White "Goz"]
[Black "calidore"]
[Result "1-0"]
[WhiteCountry "ENG"]
[BlackCountry "ISR"]
[WhiteElo "1525"]
[WhiteRD "81"]
[BlackElo "1437"]
[BlackRD "59"]
[GameID "231286"]

1. d4 Nf6 2. d5 c6 3. dxc6 Nxc6 4. Bg5 e6 5. Nc3 d5 6. Qd3 Be7 7. O-O-O O-O 8. f3 Qa5 9. Kb1 Bd7 10. a3 Rac8
11. Na2 Ne5 12. Qb3 Ba4 13. Qxb7 Bxc2+ 14. Ka1 Bxd1 15. Qxe7
1-0

[Event "Just Standard"]
[Site "SchemingMind.com"]
[Date "2009.12.20"]
[Round "-"]
[White "Shanks"]
[Black "Carl Lenox"]
[Result "1-0"]
[WhiteCountry "ENG"]
[BlackCountry "CAN"]
[WhiteElo "1443"]
[WhiteRD "72"]
[BlackElo "1348"]
[BlackRD "64"]
[GameID "231292"]

1. Nf3 Nf6 2. g3 d5 3. d4 e6 4. Bg2 c5 5. O-O cxd4 6. Nxd4 e5 7. Nf3 Bd6 8. c3 O-O 9. Nbd2 e4 10. Nd4 Re8
11. e3 a6 12. c4 Bd7 13. cxd5 Nxd5 14. Nxe4 Be5 15. Nb3 Ba4 16. Nec5 Bb5 17. Re1 b6 18. Ne4 Nc6 19. a4 Bc4 20. Nbd2 Bd3
21. Nf1 Ncb4 22. Ned2 Nc2 23. Ra2
1-0

[Event "Just Standard"]
[Site "SchemingMind.com"]
[Date "2009.12.20"]
[Round "-"]
[White "Shanks"]
[Black "DC"]
[Result "0-1"]
[WhiteCountry "ENG"]
[BlackCountry "GBR"]
[WhiteElo "1434"]
[WhiteRD "69"]
[BlackElo "1655"]
[BlackRD "81"]
[GameID "231293"]

1. Nf3 Nf6 2. d4 d5 3. c3 h6 4. Nbd2 e6 5. e3 Bd6 6. Bd3 c5 7. dxc5 Bxc5 8. b4 Bd6 9. a3 a6 10. Bb2 Nc6
11. h3 b5 12. O-O g5 13. Nd4 Bd7
0-1

[Event "Just Standard"]
[Site "SchemingMind.com"]
[Date "2009.12.20"]
[Round "-"]
[White "Shanks"]
[Black "Goz"]
[Result "0-1"]
[WhiteCountry "ENG"]
[BlackCountry "ENG"]
[WhiteElo "1443"]
[WhiteRD "72"]
[BlackElo "1520"]
[BlackRD "79"]
[GameID "231294"]

1. d4 f5 2. e3 Nf6 3. f4 g6 4. c3 d5 5. Nf3 Nc6 6. Nbd2 Be6 7. Be2 Qd6 8. a3 O-O-O 9. Ng5 h6 10. Nxe6 Qxe6
11. Nf3 Ne4 12. Ne5 g5 13. Nxc6 Qxc6 14. O-O g4 15. g3 h5 16. Bd3 h4 17. Bxe4 dxe4 18. Qe1 hxg3 19. Qxg3 Rh3 20. Qg2 e6
21. Rf2 Be7 22. Bd2 Rdh8 23. Re1 Bh4 24. Rfe2 Bxe1 25. Bxe1 Rxh2 26. Qxh2 Rxh2 27. Rxh2 Qc4 28. Rh8+ Kd7 29. Rh7+ Kc6 30. Rh6 Kd5
31. Rh2 Qd3 32. Rd2 Qxe3+ 33. Kf1 Qxf4+ 34. Rf2 Qd6 35. Bd2 Qa6+ 36. Ke1 Qd3 37. b4 Kc4 38. a4 e3 39. Re2 exd2+ 40. Rxd2 Qe3+
41. Kd1 f4 42. a5 f3 43. d5 f2 44. Rd4+ Kxc3
0-1

[Event "Just Standard"]
[Site "SchemingMind.com"]
[Date "2009.12.20"]
[Round "-"]
[White "Carl Lenox"]
[Black "Shanks"]
[Result "0-1"]
[WhiteCountry "CAN"]
[BlackCountry "ENG"]
[WhiteElo "1348"]
[WhiteRD "64"]
[BlackElo "1443"]
[BlackRD "72"]
[GameID "231297"]

1. e4 d6 2. d4 g6 3. Nf3 Bg7 4. Nc3 a6 5. Be2 c6 6. O-O Nd7 7. Be3 Qc7 8. Re1 e6 9. Qd2 Ne7 10. Rad1 b6
11. Bf4 Bb7 12. Bg5 Nf6 13. e5 dxe5 14. dxe5 Nfd5 15. Ne4 O-O 16. Bh6 Bxh6 17. Qxh6 Nf5 18. Qg5 Qe7 19. Qd2 Rad8 20. Qg5 Qxg5
21. Nfxg5 Nfe7 22. Rd4 c5 23. Rd3 Nf4 24. Rf3 Nxe2+ 25. Kh1 Nd4
0-1

[Event "Just Standard"]
[Site "SchemingMind.com"]
[Date "2009.12.20"]
[Round "-"]
[White "DC"]
[Black "Shanks"]
[Result "1-0"]
[WhiteCountry "GBR"]
[BlackCountry "ENG"]
[WhiteElo "1655"]
[WhiteRD "81"]
[BlackElo "1434"]
[BlackRD "69"]
[GameID "231298"]

1. Nc3 d6 2. e4 g6 3. d4 Bg7 4. Nf3 a6 5. b3 e6 6. Be3 Ne7 7. Bd3 Nd7 8. O-O O-O 9. Ng5 e5 10. dxe5 dxe5
11. a4 c6 12. a5 h6 13. Nf3 b6 14. axb6
1-0

[Event "Just Standard"]
[Site "SchemingMind.com"]
[Date "2009.12.20"]
[Round "-"]
[White "Goz"]
[Black "Shanks"]
[Result "1-0"]
[WhiteCountry "ENG"]
[BlackCountry "ENG"]
[WhiteElo "1520"]
[WhiteRD "79"]
[BlackElo "1443"]
[BlackRD "72"]
[GameID "231299"]

1. d4 d6 2. e3 Nf6 3. Bc4 d5 4. Bb3 c6 5. h3 Nbd7 6. Nc3 e6 7. Nf3 h6 8. O-O Be7 9. Qd3 O-O 10. a4 a6
11. a5 c5 12. dxc5 Nxc5 13. Qd4 Nxb3 14. cxb3 Nh7 15. Na4 Bf6 16. Qb6 Qe8 17. Nc5 e5 18. e4 d4 19. Nd2 Bd8 20. Qd6 Qe7
21. Qd5 Qc7 22. b4 Nf6 23. Qb3 b6 24. axb6 Qxb6 25. Nc4 Qb8 26. Na5 Bb6 27. Qc2 Bxa5 28. bxa5 Nd7 29. Bd2 Nxc5 30. Qxc5 Be6
31. b4 Qb5 32. Qxb5 axb5= 33. a6 Ra7 34. Ra5 Bc4= 35. Rfa1 d3 36. g4 f6 37. h4 Kh7 38. Kg2 Rd8 39. Rh1 Rd4= 40. f3 Rdd7=
41. h5 Rf7= 42. Kg3 Rfd7 43. Rh4= Rd8 44. f4 exf4+ 45. Kxf4 Rd6 46. Rh1
1-0